<?xml version="1.0" encoding="UTF-8"?><?xml-stylesheet type="text/xsl" href="static/style.xsl"?><OAI-PMH xmlns="http://www.openarchives.org/OAI/2.0/" xmlns:xsi="http://www.w3.org/2001/XMLSchema-instance" xsi:schemaLocation="http://www.openarchives.org/OAI/2.0/ http://www.openarchives.org/OAI/2.0/OAI-PMH.xsd"><responseDate>2026-04-28T19:19:22Z</responseDate><request verb="GetRecord" identifier="oai:uvadoc.uva.es:10324/72085" metadataPrefix="marc">https://uvadoc.uva.es/oai/request</request><GetRecord><record><header><identifier>oai:uvadoc.uva.es:10324/72085</identifier><datestamp>2024-12-12T20:03:07Z</datestamp><setSpec>com_10324_68945</setSpec><setSpec>com_10324_954</setSpec><setSpec>com_10324_894</setSpec><setSpec>com_10324_1163</setSpec><setSpec>com_10324_931</setSpec><setSpec>col_10324_68952</setSpec><setSpec>col_10324_1326</setSpec></header><metadata><record xmlns="http://www.loc.gov/MARC21/slim" xmlns:doc="http://www.lyncode.com/xoai" xmlns:xsi="http://www.w3.org/2001/XMLSchema-instance" xmlns:dcterms="http://purl.org/dc/terms/" xsi:schemaLocation="http://www.loc.gov/MARC21/slim http://www.loc.gov/standards/marcxml/schema/MARC21slim.xsd">
<leader>00925njm 22002777a 4500</leader>
<datafield tag="042" ind1=" " ind2=" ">
<subfield code="a">dc</subfield>
</datafield>
<datafield tag="720" ind1=" " ind2=" ">
<subfield code="a">Egaña Casariego, Francisco</subfield>
<subfield code="e">author</subfield>
</datafield>
<datafield tag="260" ind1=" " ind2=" ">
<subfield code="c">2013</subfield>
</datafield>
<datafield tag="520" ind1=" " ind2=" ">
<subfield code="a">El autor reconstruye las estancias en Nueva York del joven arquitecto y pintor Joaquín Vaquero Palacios (Oviedo, 1900-Madrid, 1998) entre los años 1928 y 1930. Si su consideración de pensionado por la Junta para Ampliación de Estudios le facilitó el acceso a los últimos rascacielos, su vocación plástica le llevó a pintar paisajes urbanos y a ilustrar con sus dibujos la edición norteamericana e inglesa del libro New York, del escritor francés Paul Morand. Por lo demás, su estancia en la gran metrópoli le permitió conocer su ambiente artístico y cultural, así como exhibir sus paisajes de España en importantes galerías y centros culturales.</subfield>
</datafield>
<datafield tag="024" ind2=" " ind1="8">
<subfield code="a">Archivo Español de Arte, 2013, vol. 86, n. 343, p. 237-262.</subfield>
</datafield>
<datafield tag="024" ind2=" " ind1="8">
<subfield code="a">0004-0428</subfield>
</datafield>
<datafield tag="024" ind2=" " ind1="8">
<subfield code="a">https://uvadoc.uva.es/handle/10324/72085</subfield>
</datafield>
<datafield tag="024" ind2=" " ind1="8">
<subfield code="a">10.3989/aearte.2013.v86.i343.549</subfield>
</datafield>
<datafield tag="024" ind2=" " ind1="8">
<subfield code="a">237</subfield>
</datafield>
<datafield tag="024" ind2=" " ind1="8">
<subfield code="a">343</subfield>
</datafield>
<datafield tag="024" ind2=" " ind1="8">
<subfield code="a">262</subfield>
</datafield>
<datafield tag="024" ind2=" " ind1="8">
<subfield code="a">Archivo Español de Arte</subfield>
</datafield>
<datafield tag="024" ind2=" " ind1="8">
<subfield code="a">vol. 86</subfield>
</datafield>
<datafield ind1=" " ind2=" " tag="653">
<subfield code="a">Arte</subfield>
</datafield>
<datafield tag="245" ind1="0" ind2="0">
<subfield code="a">Joaquín Vaquero Palacios en Nueva York</subfield>
</datafield>
</record></metadata></record></GetRecord></OAI-PMH>